2016-2017 NBA Starting Lineups - Statistics

General Stats
  • This quiz has been taken 210 times
  • The average score is 90 of 150
Answer Stats
Hint Answer % Correct
SG Klay Thompson
91%
C Tristan Thompson
91%
SF Lebron James
89%
Cavaliers/PG Kyrie Irving
88%
Warriors/PG Stephen Curry
88%
C Al Horford
87%
SF Kevin Durant
86%
PF Kevin Love
86%
SG Danny Green
85%
PF Draymond Green
85%
SG Dwyane Wade
85%
Celtics/PG Isaiah Thomas
85%
PF JaMychal Green
85%
SG/SF Jimmy Butler
85%
SG JR Smith
85%
Clipper/PG Chris Paul
84%
Hornets/PG Kemba Walker
84%
SF Paul George
84%
Thunder/PG Russel Westbrook
84%
C Brook Lopez
83%
Rockets/PG James Harden
83%
C Robin Lopez
83%
PF Blake Griffin
82%
C Karl-Anthony Towns
82%
PF Jabari Parker
80%
C Marc Gasol
80%
C Pau Gasol
80%
Spurs/PG Tony Parker
80%
C Anthony Davis
79%
TrailBlazers/PG Damian Lillard
79%
C DeAndre Jordan
79%
Wizards/PG John Wall
79%
Raptors/PG Kyle Lowry
79%
C Nikola Jokic
79%
SG Bradley Beal
78%
SG Devin Booker
78%
PF Trevor Booker
78%
SF Carmelo Anthony
77%
C DeMarcus Cousins
77%
SG DeMar DeRozan
77%
PF Dirk Nowitzki
77%
PF Paul Millsap
77%
Lakers/PG D' Angelo Russel
76%
SF Kawaii Leonard
76%
Grizzlies/PG Mike Conley
76%
C Steven Adams
76%
C Dwight Howard
75%
Bulls/PG Rajon Rondo
75%
C Joel Embiid
74%
PF Amir Johnson
73%
SF Andrew Wiggins
73%
Heat/PG Goran Dragic
73%
Nets/PG Jeremy Lin
73%
C Zaza Pachulia
73%
C Andre Drummond
72%
Pelicans/PG Jrue Holiday
72%
PF LaMarcus Aldridge
72%
SG Avery Bradley
71%
SG CJ McCollum
71%
C Clint Capela
71%
Pacers/PG Jeff Teague
71%
C Rudy Gobert
71%
Mavericks/PG Deron Williams
70%
Knicks/PG Derrick Rose
69%
C Hassan Whiteside
69%
SG Khris Middleton
69%
SF Aaron Gordon
68%
SF Gordon Hayward
68%
Pistons/PG Reggie Jackson
68%
SF Jae Crowder
67%
TWolves/PG Ricky Rubio
67%
PF Serge Ibaka
67%
Suns/PG Eric Bledsoe
66%
SF Giannis Antetokounmpo
66%
SG Victor Oladipo
65%
C Myles Turner
63%
PF Nikola Vucevic
63%
SF Nick Young
62%
PF Thaddeus Young
62%
Hawks/PG Dennis Schroder
61%
SG Gary Harris
61%
Jazz/PG George Hill
61%
C Marcin Gortat
61%
SF Solomon Hill
61%
SF Tobias Harris
61%
SF Harrison Barnes
60%
C Julius Randle
60%
C Kristaps Porzingis
60%
SF Trevor Ariza
60%
SG Tony Allen
59%
SG Courtney Lee
58%
SF Otto Porter Jr
58%
SG Zach LaVine
58%
C Jusif Nurkic
57%
C Tyson Chandler
57%
SG JJ Redick
56%
SF Nicolas Batum
56%
PF Brandon Ingram
55%
PF Marcus Morris
55%
PF Markieff Morris
55%
PF Joakim Noah
54%
C Jonas Valanciunas
54%
PF Derrick Favors
50%
SF Andre Roberson
49%
SG Buddy Hield
49%
SF Rudy Gay
49%
PF Chris Bosh
48%
SG Patrick Beverley
48%
SF Kent Bazemore
47%
PF Ryan Anderson
47%
Magic/PG Elfrid Payton
45%
SF Danilo Gallinari
43%
SG Tim Hardaway Jr.
43%
C Greg Monroe
42%
SF Robert Covington
42%
SF DeMarre Carroll
41%
C Jahlil Okafor
41%
SG Jordan Clarkson
41%
C Nerlens Noel
41%
PF Kenneth Faried
40%
PF Al-Farouq Aminu
38%
C Bismack Biyombo
38%
SG Evan Fournier
38%
SG Jeremy Lamb
38%
SG Dion Waiters
37%
SF Justice Winslow
37%
PF Nikola Mirotic
37%
SG Kentavious Caldwell-pope
36%
SG Montae Ellis
36%
SG Rodney Hood
36%
Nuggets/PG Emmanuel Mudiay
35%
PF Michael Kidd-Gilchrist
34%
SF Chandler Parsons
33%
Kings/PG Darren Collison
33%
PF Jerami Grant
32%
PF Tyreke Evans
32%
SF TJ Warren
30%
SF Rondae Hollis-Jefferson
28%
SF Luc Mbah a Moute
24%
C Willie Cauley-Stein
24%
Bucks/PG Mathew Dellavedova
22%
76ers/PG TJ McConnell
22%
C Frank Kaminsky
19%
SF Allen Crabbe
16%
PF Marquese Chriss
15%
SG Nick Stauskas
11%
SG Sean Kilpatrick
11%
SG Wesley Mathews
10%
SG Tim Frazier
7%
PF Shabazz Muhammad
2%
No matching quizzes found
Score Distribution
Percent of People with Each Score
Percentile by Number Answered
Your Score History
You have not taken this quiz